Disney's Vocabulary II Quiz Stats

 Plays Quiz Updated May 7, 2019

Score 0/20 Timer 05:00
2 Plays Today
% Correct
Cannibals
94.2%
Monarchy
94.1%
Dandelion
93.5%
Typhoon
93.2%
Mansions
93%
Prayer
92.7%
Sociable
91.1%
Scoundrel
90.8%
Encouraging
90.3%
Sturdy
90.1%
% Correct
Thingamabob
89.7%
Phenomenon
88.9%
Unrefined
87.7%
Aggravation
85.2%
Fret
82.2%
Dote
82.1%
Strife
75%
Coterie
73.5%
Aggregation
71.8%
Billows
70.6%

You're not logged in!

Compare scores with friends on all Sporcle quizzes.
OR
Log In

Sporcle TV

Today on Sporcle TV


Watch our educational content, quiz creation guides, and fun videos on Sporcle TV.

Show Comments

Extras

Top Quizzes Today


Score Distribution

Your Account Isn't Verified!

In order to create a playlist on Sporcle, you need to verify the email address you used during registration. Go to your Sporcle Settings to finish the process.

Report this User

Report this user for behavior that violates our Community Guidelines.

Details: